| 000 | 00375nam a22001577a 4500 | ||
|---|---|---|---|
| 999 |
_c8931 _d8931 |
||
| 003 | GBCCL | ||
| 005 | 20241126110701.0 | ||
| 008 | 220202b ||||| |||| 00| 0 eng d | ||
| 040 | _cgbc | ||
| 082 |
_a264.23 _bSTU |
||
| 245 | _aStuti geet | ||
| 260 |
_aAssam : _bEBC Demaji mission field, _c2020. |
||
| 300 | _a157p. ; | ||
| 650 |
_aHymns _vAssamese _915635 |
||
| 942 |
_2ddc _cBK |
||